WWE Royal Rumble Winners - Sudden Death - Statistics

General Stats
  • This quiz has been taken 3,054 times
    2,336 since last reset
  • The average score is 17 of 28
Answers on the Grid
Answers color-coded by a green-red scale on the quiz's grid according to % correct below.
AJ Styles
Alberto Del Rio
Batista
Big John Studd
Big Show
Bret Hart
Brock Lesnar
Bruno Sammartino
Chris Benoit
Chris Jericho
Cody Rhodes
Daniel Bryan
Dean Ambrose
Diesel
Dolph Ziggler
Drew McIntyre
Eddie Guerrero
Edge
Goldberg
Hulk Hogan
"Hacksaw" Jim Duggan
Jeff Hardy
Jey Uso
John "Bradshaw" Layfield
John Cena
Kane
Kevin Owens
Kofi Kingston
Kurt Angle
Lex Luger
Mankind
Mark Henry
Mr. McMahon
Mr. Perfect
Randy Orton
"Macho Man" Randy Savage
Rey Mysterio
Ric Flair
Roman Reigns
Seth Rollins
Shawn Michaels
Sheamus
Shinsuke Nakamura
"Stone Cold" Steve Austin
The Miz
The Rock
The Ultimate Warrior
The Undertaker
Triple H
Vader
Yokozuna
 
Answer Stats
Answer % Correct
Batista
87%
Alberto Del Rio
80%
Brock Lesnar
80%
Cody Rhodes
78%
John Cena
69%
Bret Hart
67%
Chris Benoit
67%
Drew McIntyre
65%
Edge
65%
Big John Studd
63%
Jey Uso
63%
Hulk Hogan
62%
Randy Orton
62%
Triple H
62%
Roman Reigns
61%
Rey Mysterio
60%
The Rock
60%
"Stone Cold" Steve Austin
59%
Seth Rollins
58%
Shawn Michaels
58%
The Undertaker
58%
"Hacksaw" Jim Duggan
56%
Mr. McMahon
56%
Sheamus
54%
Shinsuke Nakamura
54%
Ric Flair
51%
Lex Luger
45%
Yokozuna
44%
No matching quizzes found
Score Distribution
Percent of People with Each Score
Percentile by Number Answered
Your Score History
You have not taken this quiz since the last reset